Zawody PŚ w skokach narciarskich 24/25 - Statystyki

Ogólne statystyki
  • Ten quiz został rozwiązany 163 razy
    157 od ostatniego zresetowania
  • Średni wynik to 15 z 20
Statystyki odpowiedzi
Rodzaj zmagań/państwo Skocznia % Poprawnych
Puchar Świata/Polska Wisła
99%
Puchar Świata/Norwegia Lillehammer
91%
Puchar Świata/Finlandia Ruka
91%
Puchar Świata/Polska Zakopane
88%
Puchar Świata/Szwajcaria Engelberg
87%
Puchar Świata/Słowenia Planica
86%
Puchar Świata/Finlandia Lahti
84%
Raw Air/Norwegia Oslo
83%
Raw Air/Norwegia Vikersund
83%
Puchar Świata/Japonia Sapporo
79%
TCS/Niemcy Garmisch-Partenkirchen
77%
Puchar Świata/USA Lake Placid
76%
Odwołane/Włochy Predazzo
75%
TCS/Austria Innsbruck
74%
MŚ/Norwegia Trondheim
73%
TCS/Niemcy Oberstdorf
67%
Puchar Świata/Niemcy Willingen
67%
Puchar Świata/Niemcy Oberstdorf
59%
TCS/Austria Bischofshofen
55%
Puchar Świata/Niemcy Titisee-Neustadt
47%
Nie znaleziono quizów pasujących do podanych kryteriów
Rozkład punktacji
Procent ludzi z każdym wynikiem
Percentyl według liczby udzielonych odpowiedzi
Twoja historia wyników
Nie rozwiązałeś tego quizu od ostatniego zresetowania